[Event "Parma City of Culture op 4th"]
[Site "Parma"]
[Date "2024.01.06"]
[Round "3"]
[White "Marzocchi, Tommaso"]
[Black "Basso, Pier Luigi"]
[Result "0-1"]
[WhiteElo "2254"]
[BlackElo "2482"]
[PlyCount "114"]
[EventDate "2024.01.05"]
[EventType "swiss"]
[EventRounds "6"]
[EventCountry "ITA"]
[SourceTitle "CB02_2024"]
[SourceDate "2024.01.10"]
[SourceVersion "1"]
[SourceVersionDate "2024.01.10"]
[SourceQuality "1"]

1. e4 e5 2. Nf3 Nc6 3. Bc4 Bc5 4. c3 Nf6 5. d3 d6 6. Nbd2 0-0 7. 0-0 a5 8. Bb3 Ba7 9. h3 Ne7 10. Re1 c6 11. d4 Ng6 12. dxe5 dxe5 13. Nc4 Qc7 14. Qd6 Bb8 15. Qxc7 Bxc7 16. Be3 a4 17. Bc2 Ra6 18. Bc5 Rd8 19. Rad1 Rxd1 20. Rxd1 Be6 21. Ncxe5 Nxe5 22. Nxe5 Bxa2 23. Nd7 Be6 24. Nxf6+ gxf6 25. Kf1 b6 26. Be7 Kg7 27. Ra1 b5 28. Bd3 Ra8 29. Bc5 Rd8 30. Ke2 Bb3 31. g3 Bd6 32. Bxd6 Rxd6 33. Ke3 Rd8 34. f4 h6 35. g4 Kf8 36. h4 Ke7 37. Rg1 Rg8 38. Kd4 Kd6 39. e5+ fxe5+ 40. fxe5+ Kc7 41. g5 hxg5 42. Rxg5 Rh8 43. Rg4 Kb6 44. Rf4 c5+ 45. Ke3 Ka5 46. Be2 Be6 47. h5 b4 48. cxb4+ cxb4 49. Kd2 a3 50. bxa3 bxa3 51. Kc2 Rc8+ 52. Kd2 a2 53. Rf1 Kb4 54. Bd3 Rh8 55. Rf4+ Ka3 56. Bc2 Rd8+ 57. Ke3 Kb2 0-1

[Event "Trieste op 24th"]
[Site "Trieste"]
[Date "2022.09.08"]
[Round "8"]
[White "Cappelletto, Joshuaede"]
[Black "Marzocchi, Tommaso"]
[Result "1/2-1/2"]
[WhiteElo "2323"]
[BlackElo "2223"]
[PlyCount "193"]
[EventDate "2022.09.03"]
[EventType "swiss"]
[EventRounds "9"]
[EventCountry "ITA"]
[SourceTitle "CBM 210 Extra"]
[Source "ChessBase"]
[SourceDate "2022.11.30"]
[SourceVersion "1"]
[SourceVersionDate "2022.11.30"]
[SourceQuality "1"]

1. e4 c5 2. Nf3 Nc6 3. Nc3 e6 4. d4 cxd4 5. Nxd4 Qc7 6. Be3 a6 7. Qf3 Ne5 8. Qg3 h5 9. f4 h4 10. Qh3 Nc4 11. Bxc4 Qxc4 12. 0-0-0 b5 13. Kb1 Bb7 14. Rhe1 Rc8 15. Bc1 Bb4 16. Re3 Nf6 17. e5 Nd5 18. Nxd5 Bxd5 19. b3 Qc7 20. Re2 Qb7 21. Qg4 Rh7 22. f5 a5 23. Bb2 h3 24. gxh3 Bc5 25. fxe6 dxe6 26. Rf1 a4 27. Nf3 Bxf3 28. Rxf3 Rd8 29. Rf1 Be7 30. bxa4 bxa4 31. Qxa4+ Kf8 32. Qe4 Qxe4 33. Rxe4 g5 34. Re3 Rd2 35. Ba3 Rxh2 36. Bxe7+ Kxe7 37. Rg1 f6 38. exf6+ Kxf6 39. Rf1+ Ke7 40. Rff3 Rh4 41. Kb2 g4 42. hxg4 Rxg4 43. Rh3 Rxh3 44. Rxh3 Kd6 45. Kb3 Rg8 46. a4 Rb8+ 47. Kc3 Rc8+ 48. Kd3 Ra8 49. Rh4 Kd5 50. Rb4 Kc5 51. c3 Rh8 52. Rb5+ Kc6 53. Rg5 Rh4 54. c4 Rh1 55. Re5 Kd6 56. Ra5 Rd1+ 57. Kc2 Rh1 58. Rb5 Rh3 59. Rb3 Rh4 60. Kc3 Kc5 61. Rb5+ Kc6 62. Re5 Kd6 63. Rg5 Rh1 64. Kb2 Rh2+ 65. Kb3 Rh1 66. Rb5 Rb1+ 67. Kc3 Rc1+ 68. Kd3 Rd1+ 69. Kc2 Ra1 70. a5 Kc6 71. Kb2 Rh1 72. Kc3 Rc1+ 73. Kd4 Rd1+ 74. Ke5 Re1+ 75. Kf6 Rc1 76. Rb4 Ra1 77. Rb5 Rc1 78. Rb6+ Kc5 79. Rb8 Ra1 80. Rc8+ Kd6 81. Ra8 Kc5 82. a6 Kb6 83. c5+ Kc6 84. Rc8+ Kd7 85. Ra8 Kc6 86. a7 Kb7 87. Re8 Rf1+ 88. Ke7 Kxa7 89. Kd6 Rd1+ 90. Kc7 Rh1 91. c6 e5 92. Re7 Rh8 93. Kd6+ Kb8 94. Rb7+ Kc8 95. Ra7 Rh6+ 96. Kc5 Rh1 97. Rg7 1/2-1/2

[Event "Cattolica Primavera op"]
[Site "Cattolica"]
[Date "2022.03.18"]
[Round "5"]
[White "Luchi, Max"]
[Black "Marzocchi, Tommaso"]
[Result "1-0"]
[WhiteElo "1977"]
[BlackElo "2213"]
[PlyCount "171"]
[EventDate "2022.03.16"]
[EventType "swiss"]
[EventRounds "9"]
[EventCountry "ITA"]
[SourceTitle "CBM 207 Extra"]
[Source "ChessBase"]
[SourceDate "2022.05.31"]
[SourceVersion "1"]
[SourceVersionDate "2022.05.31"]
[SourceQuality "1"]

1. e4 c5 2. Nf3 Nc6 3. Bb5 g6 4. 0-0 Bg7 5. Bxc6 bxc6 6. Re1 Nh6 7. c3 0-0 8. d4 cxd4 9. cxd4 Rb8 10. Qc2 f6 11. Bf4 Ra8 12. Qc4+ Nf7 13. Nc3 Qb6 14. Na4 Qb5 15. Qc2 d6 16. Rac1 e5 17. Be3 Bd7 18. b3 Qb7 19. Red1 h6 20. dxe5 fxe5 21. Nd2 Rfc8 22. Qd3 Be6 23. Nc4 Bf8 24. Na5 Qe7 25. Nxc6 Qb7 26. Na5 Qe7 27. Nc6 Qb7 28. Na5 Qe7 29. Nc4 Qb7 30. Ncb2 h5 31. Nc3 h4 32. h3 g5 33. Nd5 Kg7 34. f3 Kg6 35. Rxc8 Rxc8 36. Rc1 Rxc1+ 37. Bxc1 Be7 38. Nxe7+ Qxe7 39. Nc4 Qc7 40. Bd2 Bxc4 41. Qxc4 Qb6+ 42. Kf1 Kf6 43. a4 a6 44. b4 Nd8 45. Qc3 Ne6 46. Be3 Qb7 47. Qc4 Ke7 48. b5 axb5 49. axb5 Qa8 50. Qb3 Qa1+ 51. Kf2 g4 52. hxg4 h3 53. gxh3 Qh1 54. b6 Qh2+ 55. Ke1 Qh1+ 56. Kd2 Qg2+ 57. Kc1 Qf1+ 58. Kb2 Qe2+ 59. Ka3 Qa6+ 60. Kb4 Nd4 61. Bxd4 exd4 62. b7 Qxb7+ 63. Kc4 Qc8+ 64. Kxd4 Qh8+ 65. Ke3 Qh6+ 66. Ke2 Qxh3 67. Qe3 Qh2+ 68. Kd3 Qb2 69. Qg5+ Ke6 70. Qf5+ Ke7 71. g5 Qb1+ 72. Ke3 Qe1+ 73. Kf4 Qh4+ 74. Qg4 Qh2+ 75. Qg3 Qd2+ 76. Kg4 Qc2 77. g6 Qc8+ 78. Kg5 Qc5+ 79. Kh4 Qc4 80. g7 Qg8 81. Qg6 Qa2 82. Qg5+ Kd7 83. Qg4+ Ke7 84. g8Q Qh2+ 85. Qh3 Qf4+ 86. Qgg4 1-0

[Event "ITA-ch Online U20 Qual GpA"]
[Site "Premium Chess Arena INT"]
[Date "2020.11.19"]
[Round "4.1"]
[White "Marzocchi, Tommaso"]
[Black "Mirri, Pietro"]
[Result "0-1"]
[WhiteElo "2222"]
[BlackElo "2158"]
[PlyCount "92"]
[EventDate "2020.11.18"]
[EventType "tourn (rapid)"]
[EventRounds "7"]
[EventCountry "ITA"]
[EventCategory "1"]
[SourceTitle "CBM 199 Extra"]
[Source "ChessBase"]
[SourceDate "2021.01.31"]
[SourceVersion "1"]
[SourceVersionDate "2021.01.31"]
[SourceQuality "1"]

1. e4 e6 2. d4 d5 3. Nc3 Nf6 4. Bg5 Bb4 5. e5 h6 6. Bd2 Bxc3 7. bxc3 Ne4 8. Bc1 Nxc3 9. Qg4 Kf8 10. Bd3 Bd7 11. Nf3 Bb5 12. Bxb5 Nxb5 13. Bd2 a6 14. a4 Na7 15. 0-0 Nd7 16. Ra3 c5 17. Nh4 h5 18. Qg3 cxd4 19. Rf3 Kg8 20. Qf4 Qe8 21. Rg3 Nc6 22. Re1 b5 23. a5 Rc8 24. Rg5 Ne7 25. Qxd4 Rxc2 26. Qd3 Rc4 27. f4 Nc5 28. Rg3 Ne4 29. Rf3 g6 30. Be3 Qc6 31. Rff1 Kg7 32. f5 Nxf5 33. Nxf5+ exf5 34. e6 Qxe6 35. Bd4+ f6 36. Ba1 Rd8 37. Rc1 Rdc8 38. Rcd1 R8c7 39. Qe3 Rc2 40. Qd4 Ra2 41. Rc1 Rxc1 42. Rxc1 f4 43. Rc7+ Kh6 44. h3 f3 45. Qb4 Rxa1+ 46. Kh2 Qe5+ 0-1

[Event "ITA-ch Online U20 Qual GpA"]
[Site "Premium Chess Arena INT"]
[Date "2020.11.18"]
[Round "2.1"]
[White "Marzocchi, Tommaso"]
[Black "Tiraboschi, Nicolo"]
[Result "0-1"]
[WhiteElo "2222"]
[BlackElo "2277"]
[PlyCount "128"]
[EventDate "2020.11.18"]
[EventType "tourn (rapid)"]
[EventRounds "7"]
[EventCountry "ITA"]
[EventCategory "1"]
[SourceTitle "CBM 199 Extra"]
[Source "ChessBase"]
[SourceDate "2021.01.31"]
[SourceVersion "1"]
[SourceVersionDate "2021.01.31"]
[SourceQuality "1"]

1. e4 d6 2. d4 Nf6 3. Nc3 e5 4. Nf3 Nbd7 5. Bc4 Be7 6. 0-0 c6 7. a4 Qc7 8. Bg5 h6 9. Bh4 0-0 10. a5 Re8 11. Re1 Rb8 12. d5 g5 13. Bg3 Nf8 14. Qd3 Ng6 15. Bb3 a6 16. Nd2 c5 17. Nc4 h5 18. h3 h4 19. Bh2 Nh5 20. Ne2 Bf6 21. Qf3 Nhf4 22. Bxf4 exf4 23. Ba4 Rf8 24. Nc1 Ne5 25. Nxe5 Bxe5 26. Qh5 Qe7 27. Nd3 Kg7 28. c3 Rh8 29. Qf3 b5 30. axb6 Rxb6 31. Bc6 Rh6 32. Qe2 g4 33. hxg4 h3 34. Qf3 h2+ 35. Kh1 Qg5 36. Nxe5 Qxe5 37. b4 Rh4 38. bxc5 Rb2 39. Rab1 Rxb1 40. Rxb1 Bxg4 41. Qd3 f3 42. Qd4 fxg2+ 43. Kxg2 Qxd4 44. cxd4 Kf6 45. e5+ dxe5 46. dxe5+ Kxe5 47. Re1+ Kd4 48. d6 Kxc5 49. d7 Rh8 50. Rc1+ Kd6 51. Kg3 Bxd7 52. Bg2 a5 53. Rd1+ Ke7 54. Re1+ Kf6 55. Rd1 Ke7 56. Re1+ Kd6 57. Rd1+ Kc7 58. Rc1+ Kb6 59. Rd1 Be6 60. Ra1 Rh5 61. Bf3 Rh3+ 62. Kg2 Rxf3 63. Kxf3 Bd5+ 64. Kg3 h1Q 0-1

[Event "Barcelona Sants op 21st"]
[Site "Barcelona"]
[Date "2019.08.26"]
[Round "4"]
[White "Marzocchi, Tommaso"]
[Black "Hoffman, Alejandro"]
[Result "1/2-1/2"]
[WhiteElo "2198"]
[BlackElo "2461"]
[PlyCount "79"]
[EventDate "2019.08.23"]
[EventType "swiss"]
[EventRounds "10"]
[EventCountry "ESP"]
[SourceTitle "EXT 2020"]
[Source "ChessBase"]
[SourceDate "2019.10.17"]
[SourceVersion "1"]
[SourceVersionDate "2019.10.17"]
[SourceQuality "1"]

1. e4 e5 2. Nf3 d6 3. d4 exd4 4. Nxd4 Nf6 5. Nc3 Be7 6. Be2 0-0 7. 0-0 Re8 8. f4 Bf8 9. Bf3 c6 10. a4 a5 11. Re1 Na6 12. Be3 Nb4 13. Bf2 Qc7 14. Kh1 Nd7 15. Qd2 Nc5 16. Rad1 Bd7 17. g4 g6 18. Bg3 Bg7 19. Re2 Qb6 20. f5 d5 21. e5 Rad8 22. Bh4 Rxe5 23. Bxd8 Qxd8 24. Rf2 Qh4 25. Rg1 Ne4 26. Bxe4 dxe4 27. Qe3 c5 28. Ndb5 Bc6 29. Re2 b6 30. Rd2 Re8 31. h3 Bd4 32. Rxd4 cxd4 33. Nxd4 Bb7 34. Rf1 Rd8 35. f6 Rxd4 36. Qxd4 Qxh3+ 37. Kg1 Qg3+ 38. Kh1 h5 39. Qd8+ Kh7 40. Qe7 1/2-1/2

[Event "Veneto-ch qf 78th"]
[Site "Padova"]
[Date "2019.02.16"]
[Round "2.11"]
[White "Marzocchi, Tommaso"]
[Black "Desideri, Leonardo"]
[Result "1-0"]
[WhiteElo "2155"]
[BlackElo "1786"]
[PlyCount "72"]
[EventDate "2019.02.15"]
[EventType "swiss"]
[EventRounds "5"]
[EventCountry "ITA"]
[SourceTitle "EXT 2024"]
[Source "ChessBase"]
[SourceDate "2023.10.10"]
[SourceVersion "1"]
[SourceVersionDate "2023.10.10"]
[SourceQuality "1"]

1. e4 c5 2. Nf3 d6 3. d4 cxd4 4. Nxd4 Nf6 5. Nc3 g6 6. Be3 a6 7. f3 b5 8. Qd2 Bb7 9. h4 h5 10. 0-0-0 Nbd7 11. Nde2 Qa5 12. Kb1 Bg7 13. Nf4 0-0-0 14. Ncd5 Qxd2 15. Nxe7+ Kb8 16. Rxd2 Rhe8 17. Ned5 Nxd5 18. Nxd5 Bxd5 19. Rxd5 Nc5 20. Bg5 f6 21. Bf4 Nxe4 22. fxe4 Rxe4 23. Bd2 f5 24. Bd3 Rg4 25. Re1 Bf6 26. a4 Bxh4 27. Re6 Rxg2 28. Ba5 Rg1+ 29. Ka2 Rd7 30. axb5 axb5 31. Rxb5+ Rb7 32. Bb6 Re1 33. Rxg6 Re8 34. Rxd6 Bg3 35. Rg6 h4 36. Bxf5 Bc7 1-0

[Event "Cesenatico op 22nd"]
[Site "Cesenatico"]
[Date "2018.09.09"]
[Round "9"]
[White "Rago, Riccardo"]
[Black "Marzocchi, Tommaso"]
[Result "1/2-1/2"]
[WhiteElo "2089"]
[BlackElo "2120"]
[PlyCount "99"]
[EventDate "2018.09.01"]
[EventType "swiss"]
[EventRounds "9"]
[EventCountry "ITA"]
[SourceTitle "CBM 186 Extra"]
[Source "ChessBase"]
[SourceDate "2018.08.24"]
[SourceVersion "1"]
[SourceVersionDate "2018.08.24"]
[SourceQuality "1"]

1. d4 d5 2. Nf3 Nf6 3. e3 c6 4. c4 e6 5. Nc3 Nbd7 6. cxd5 exd5 7. Bd3 Bd6 8. 0-0 0-0 9. e4 dxe4 10. Nxe4 Nxe4 11. Bxe4 Nf6 12. Bc2 h6 13. h3 Bc7 14. Qd3 Qd6 15. Bd2 Be6 16. Bc3 Bd5 17. Ne5 Be4 18. Qe2 Bxc2 19. Qxc2 Nd5 20. Nf3 Rad8 21. Rad1 Rfe8 22. Rfe1 Rxe1+ 23. Rxe1 Nf4 24. Qf5 Qg6 25. Qxg6 Nxg6 26. g3 f6 27. Bb4 Kf7 28. Kf1 Bd6 29. Bxd6 Rxd6 30. Re2 Nf8 31. Rd2 Ne6 32. Ke2 Rd5 33. h4 g5 34. hxg5 hxg5 35. Ke3 Ng7 36. g4 Ne8 37. Ng1 Nd6 38. Rc2 f5 39. f3 f4+ 40. Kd3 Nb5 41. Ne2 Kf6 42. Rc5 Rd7 43. a4 Nc7 44. Rf5+ Kg6 45. Re5 Nd5 46. Re6+ Kf7 47. Re5 Kg6 48. Re6+ Kf7 49. Re5 Kg6 50. Ke4 1/2-1/2

[Event "Cesenatico op 21st"]
[Site "Cesenatico"]
[Date "2017.09.02"]
[Round "1"]
[White "Marzocchi, Tommaso"]
[Black "Roeder, Mathias"]
[Result "1/2-1/2"]
[WhiteElo "2040"]
[BlackElo "2395"]
[PlyCount "168"]
[EventDate "2017.09.02"]
[EventType "swiss"]
[EventRounds "9"]
[EventCountry "ITA"]
[SourceTitle "CBM 180 Extra"]
[Source "ChessBase"]
[SourceDate "2017.10.06"]
[SourceVersion "1"]
[SourceVersionDate "2017.10.06"]
[SourceQuality "1"]

1. e4 c5 2. Nf3 d6 3. d4 cxd4 4. Nxd4 Nf6 5. Nc3 a6 6. h3 e6 7. g4 Nfd7 8. Bg2 Qb6 9. 0-0 Be7 10. Rb1 Nc6 11. Be3 Qc7 12. f4 0-0 13. g5 Re8 14. Qe1 Bf8 15. Qf2 Nxd4 16. Bxd4 b5 17. Nd1 Bb7 18. c3 Rac8 19. Qc2 e5 20. Be3 exf4 21. Bxf4 Nc5 22. Nf2 Qe7 23. Rfe1 Ne6 24. Qd2 Nxf4 25. Qxf4 Qe5 26. Qxe5 dxe5 27. Ng4 Bc5+ 28. Kh1 Rc7 29. Rbd1 Bc8 30. Ne3 Bxe3 31. Rxe3 Be6 32. a3 Rc6 33. Red3 Kf8 34. Kg1 Ke7 35. Kf2 Rh8 36. Rg3 g6 37. h4 h6 38. Bf3 hxg5 39. hxg5 Rd6 40. Rxd6 Kxd6 41. Rg1 a5 42. Be2 Kc6 43. Bd1 a4 44. Be2 Kc5 45. Bd3 Bc4 46. Bc2 Kd6 47. Kg3 Ke7 48. Bd1 Rd8 49. Bf3 f6 50. gxf6+ Kxf6 51. Rd1 Rxd1 52. Bxd1 Bd3 53. Bf3 Kg5 54. Bg2 Kf6 55. Bf3 Ke7 56. Kh4 Kf6 57. Kg3 Bc4 58. Bg4 g5 59. Bf3 Be6 60. Be2 Bd7 61. Bd1 Ke7 62. Be2 Kd6 63. Bd3 Kc5 64. Kf3 Be6 65. Kg3 Bc4 66. Bc2 Be2 67. Kf2 Bg4 68. Bd3 Bh3 69. Kf3 Bd7 70. Kg3 Be6 71. Kf2 Bc4 72. Bc2 Bb3 73. Bd3 Bc4 74. Bc2 Kd6 75. Kg3 Ke7 76. Bb1 Kf6 77. Bc2 Kg6 78. Bb1 Kh5 79. Bc2 Be2 80. Bb1 g4 81. Bc2 Kg5 82. Bb1 Kf6 83. Bc2 Kg5 84. Bb1 Kh5 1/2-1/2

[Event "Mare di Fano op 5th"]
[Site "Fano"]
[Date "2016.08.05"]
[Round "8"]
[White "Khadijah, Qurota`Ain"]
[Black "Marzocchi, Tommaso"]
[Result "1-0"]
[WhiteElo "1996"]
[BlackElo "2068"]
[PlyCount "55"]
[EventDate "2016.07.30"]
[EventType "swiss"]
[EventRounds "9"]
[EventCountry "ITA"]
[SourceTitle "CBM 173 Extra"]
[Source "ChessBase"]
[SourceDate "2016.08.29"]
[SourceVersion "1"]
[SourceVersionDate "2016.08.29"]
[SourceQuality "1"]

1. e4 c5 2. Nf3 Nc6 3. d4 cxd4 4. Nxd4 Nf6 5. Nc3 e5 6. Ndb5 d6 7. Bg5 a6 8. Bxf6 gxf6 9. Na3 b5 10. Nd5 Bg7 11. g3 f5 12. Bg2 fxe4 13. Bxe4 Ra7 14. Nf6+ Qxf6 15. Bxc6+ Bd7 16. Bxd7+ Rxd7 17. Qd5 0-0 18. 0-0 Qe6 19. Rfd1 Rc8 20. c3 Qe8 21. Nc2 Rc5 22. Qb3 d5 23. a4 Qe6 24. Nb4 e4 25. Nc2 f5 26. Nd4 Bxd4 27. cxd4 bxa4 28. Qb8+ 1-0

[Event "Mare di Fano op 5th"]
[Site "Fano"]
[Date "2016.08.04"]
[Round "7"]
[White "Marzocchi, Tommaso"]
[Black "Lavorgna, Francesco"]
[Result "1-0"]
[WhiteElo "2068"]
[BlackElo "1887"]
[PlyCount "83"]
[EventDate "2016.07.30"]
[EventType "swiss"]
[EventRounds "9"]
[EventCountry "ITA"]
[SourceTitle "CBM 173 Extra"]
[Source "ChessBase"]
[SourceDate "2016.08.29"]
[SourceVersion "1"]
[SourceVersionDate "2016.08.29"]
[SourceQuality "1"]

1. e4 c6 2. d4 d5 3. exd5 cxd5 4. c4 Nf6 5. Nc3 e6 6. Nf3 Nc6 7. cxd5 Nxd5 8. Bd3 Be7 9. 0-0 0-0 10. a3 b6 11. Re1 Bb7 12. Bc2 Ba6 13. Nxd5 exd5 14. Bxh7+ Kxh7 15. Qc2+ Kg8 16. Qxc6 Bc4 17. Bf4 Rc8 18. Qb7 Bd6 19. Bxd6 Qxd6 20. Re7 a6 21. Rxf7 Rxf7 22. Qxc8+ Rf8 23. Qh3 Bd3 24. Rc1 Be4 25. Ne5 Qf6 26. Qg3 Qf4 27. Qxf4 Rxf4 28. f3 Bf5 29. g4 Bg6 30. Rc6 Bf7 31. Rc8+ Kh7 32. Rf8 Rxd4 33. Rxf7 Rd1+ 34. Kg2 Rd2+ 35. Kg3 Rxb2 36. Rf4 Rb3 37. a4 b5 38. axb5 axb5 39. Rd4 b4 40. Rxd5 Rb2 41. Nd3 Rb3 42. Rd4 1-0

[Event "Mare di Fano op 5th"]
[Site "Fano"]
[Date "2016.07.31"]
[Round "2"]
[White "Sala, Sergio"]
[Black "Marzocchi, Tommaso"]
[Result "0-1"]
[WhiteElo "1919"]
[BlackElo "2068"]
[PlyCount "130"]
[EventDate "2016.07.30"]
[EventType "swiss"]
[EventRounds "9"]
[EventCountry "ITA"]
[SourceTitle "CBM 173 Extra"]
[Source "ChessBase"]
[SourceDate "2016.08.29"]
[SourceVersion "1"]
[SourceVersionDate "2016.08.29"]
[SourceQuality "1"]

1. e4 c5 2. Nf3 Nc6 3. d4 cxd4 4. Nxd4 Nf6 5. Nc3 e5 6. Ndb5 d6 7. Bg5 a6 8. Bxf6 gxf6 9. Na3 b5 10. Nd5 Bg7 11. c3 0-0 12. g3 f5 13. exf5 Bxf5 14. Bg2 Rc8 15. Nc2 Be6 16. 0-0 f5 17. Re1 Ne7 18. Nce3 Ng6 19. a4 f4 20. Nc2 Qe8 21. axb5 Qxb5 22. b4 Bf5 23. Bf1 Bxc2 24. Bxb5 Bxd1 25. Bxa6 Bb3 26. Bxc8 Rxc8 27. Ra5 fxg3 28. hxg3 Bf8 29. Re3 Kf7 30. Rf3+ Kg8 31. Nf6+ Kg7 32. Ra7+ Be7 33. Ne4 Bd5 34. Re3 Bxe4 35. Rxe4 Rxc3 36. b5 Rb3 37. Rb7 Kf6 38. b6 d5 39. Ra4 Nf8 40. Rh4 Bc5 41. Rh6+ Ng6 42. Rhxh7 Bxb6 43. Rbf7+ Kg5 44. Rhg7 Rxg3+ 45. Kh2 Rc3 46. Rd7 Kf6 47. Rxg6+ Kxg6 48. Rd6+ Kf5 49. Rxb6 Rf3 50. Kg2 Ke4 51. Rb2 Rf5 52. Kf1 d4 53. Rb4 Kd3 54. Ra4 Kd2 55. Ra2+ Kd1 56. Ra1+ Kc2 57. Ra2+ Kb3 58. Rd2 Kc3 59. Ra2 d3 60. Ra3+ Kc2 61. Ra2+ Kb3 62. Ra8 e4 63. Rc8 e3 64. Rb8+ Kc2 65. Ra8 e2+ 0-1

[Event "Mare di Fano op 5th"]
[Site "Fano"]
[Date "2016.07.30"]
[Round "1"]
[White "Marzocchi, Tommaso"]
[Black "Laketic, Gojko"]
[Result "0-1"]
[WhiteElo "2068"]
[BlackElo "2413"]
[PlyCount "76"]
[EventDate "2016.07.30"]
[EventType "swiss"]
[EventRounds "9"]
[EventCountry "ITA"]
[SourceTitle "CBM 173 Extra"]
[Source "ChessBase"]
[SourceDate "2016.08.29"]
[SourceVersion "1"]
[SourceVersionDate "2016.08.29"]
[SourceQuality "1"]

1. e4 Nf6 2. e5 Nd5 3. c4 Nb6 4. d4 d6 5. exd6 cxd6 6. Nc3 g6 7. Be3 Bg7 8. Qd2 Nc6 9. Be2 d5 10. cxd5 Nxd5 11. Nxd5 Qxd5 12. Bf3 Qd6 13. Ne2 0-0 14. 0-0 Rd8 15. Rfd1 Bf5 16. Rac1 Rac8 17. a3 b6 18. g4 Be6 19. Rxc6 Rxc6 20. d5 Qb8 21. Qe1 Rcd6 22. Bf4 Qb7 23. Bxd6 Rxd6 24. Nf4 Bc8 25. Qe2 Qc7 26. Ng2 Bb7 27. Ne3 Bh6 28. h4 Bf4 29. Ng2 Rd7 30. h5 Bg5 31. Be4 Qe5 32. f4 Bxf4 33. hxg6 hxg6 34. Nxf4 Qxf4 35. Bxg6 Qg3+ 36. Kf1 fxg6 37. Rd3 Qd6 38. Qe4 Ba6 0-1

[Event "Olbia CIG U16 24th"]
[Site "Olbia"]
[Date "2016.06.26"]
[Round "1"]
[White "Marzocchi, Tommaso"]
[Black "Mascia, Luca"]
[Result "1-0"]
[WhiteElo "2044"]
[BlackElo "1576"]
[PlyCount "97"]
[EventDate "2016.06.26"]
[EventType "swiss"]
[EventRounds "9"]
[EventCountry "ITA"]
[SourceTitle "EXT 2024"]
[Source "ChessBase"]
[SourceDate "2023.10.10"]
[SourceVersion "1"]
[SourceVersionDate "2023.10.10"]
[SourceQuality "1"]

1. e4 c5 2. Nf3 Nc6 3. d4 cxd4 4. Nxd4 Nf6 5. Nc3 a6 6. Bg5 e5 7. Nf5 d6 8. Ne3 Be6 9. a4 Be7 10. Bxf6 Bxf6 11. Bc4 Bg5 12. Bxe6 fxe6 13. Nc4 Nd4 14. a5 Qe7 15. Ne2 Rc8 16. Ra4 d5 17. Nxd4 Rxc4 18. Rxc4 dxc4 19. Nf3 Bf6 20. c3 0-0 21. 0-0 Rd8 22. Qa4 Qc5 23. Rc1 Kf8 24. Kf1 h6 25. Qb4 Qxb4 26. cxb4 Rc8 27. Nd2 Be7 28. Rxc4 Rxc4 29. Nxc4 Bxb4 30. Nxe5 Bxa5 31. Nd7+ Ke7 32. Nc5 Bc7 33. Nxb7 Bb6 34. f4 Kd7 35. e5 g5 36. fxg5 hxg5 37. Nd6 Bd4 38. Nc4 Kc6 39. Ke2 Kd5 40. Kd3 Bxe5 41. g3 Bg7 42. b3 Kc5 43. h4 gxh4 44. gxh4 Bf6 45. h5 Bg5 46. Ne5 Kb4 47. Kc2 a5 48. Nc6+ Kc5 49. Nxa5 1-0